Terence Conran's do-it-yourself with style origi nal designs for kitchens and dining rooms

Bibliographic Details
Main Author: Conran, Terence
Other Authors: Johnson, Hugh
Format: Book
Published: New York : Simon & Schuster , 1989
Subjects:

MARC

LEADER 00000cam a2200000 7i4500
001 0000001722
002 000001875
005 20080605.0
020 |a 0671687182 
090 0 0 |a 643.3   |b CON 
100 1 |a Conran, Terence 
245 1 0 |a Terence Conran's do-it-yourself with style origi nal designs for kitchens and dining rooms   |c Terenc e Cornan ; photography by Hugh Johnson 
260 |a New York :   |b Simon & Schuster ,   |c 1989 
300 |a p.v :   |b ill ;   |c 27cm. 
650 0 0 |a Dining room 
650 0 0 |a Interior decoration 
650 0 0 |a Kitchens 
700 1 |a Johnson, Hugh 
999 |a 034900   |b BUKU   |c PINJAMAN   |e PERPUSTAKAAN KOMUNITI PETALING JAYA 
999 |a 034901   |b BUKU   |c PINJAMAN   |e PERPUSTAKAAN KOMUNITI PETALING JAYA